Top 15 des meilleurs défenseurs au 21e siècle d'après Canal+ - Statistiques

Statistiques générales
  • Ce quiz a été pris 91 fois
  • Le résultat moyen est 11 sur 15
Statistiques - réponses
Classement Nationalité Joueurs % Correct
1 Espagne Sergio Ramos
98%
2 Italie Paolo Maldini
94%
15 Maroc Achraf Hakimi
89%
3 Brésil Roberto Carlos
85%
13 Brésil Thiago Silva
85%
5 Espagne Carles Puyol
82%
14 France Raphael Varane
82%
12 Allemagne Philipp Lahm
79%
4 Italie Fabio Cannavaro
70%
6 Brésil Cafu
68%
11 Brésil Marcelo
68%
7 Italie Alessandro Nesta
66%
9 France Lilian Thuram
65%
10 Angleterre Rio Ferdinand
62%
8 Brésil Dani Alves
56%
Aucun quiz correspondant
Distribution des résultats
% des personnes avec chaque résultat
Percentile par nombre de réponses
Votre historique - résultats
Vous n’avez pas pris ce quiz